Template polymerization /

Template polymerization is a field in polymer synthesis but also common practice in the biosynthesis since DNA is the most popular template or matrix on which proteins are built by living species. This field is relevant to the synthesis of polymers of controlled structure but its application goes be...

Full description

Bibliographic Details
Main Author: Połowiński, Stefan
Corporate Author: Knovel (Firm)
Format: eBook
Language:English
Published: Toronto : ChemTec Pub., [1997]
Subjects:
Online Access:Connect to the full text of this electronic book

MARC

Tag First Indicator Second Indicator Subfields
LEADER 00000cam a2200000Ma 4500
001 in00003826331
005 20190415175103.0
006 m o d
007 cr cn|||||||||
008 011207s1997 onca ob 001 0 eng d
019 |a 271043744  |a 733801332 
020 |a 1591241626  |q (electronic bk.) 
020 |a 9781591241621  |q (electronic bk.) 
035 |a (OCoLC)ocm49708298 
035 |a (OCoLC)49708298  |z (OCoLC)271043744  |z (OCoLC)733801332 
040 |a KNOVL  |b eng  |e pn  |c KNOVL  |d OCLCQ  |d TEF  |d MUU  |d OCLCQ  |d KNOVL  |d ZCU  |d KNOVL  |d OCLCF  |d OCLCQ  |d AU@  |d KNOVL  |d SINTU  |d OCLCQ  |d UtOrBLW 
049 |a TXAM 
050 4 |a QD381  |b .P64 1996eb 
082 0 4 |a 547/.28  |2 22 
100 1 |a Połowiński, Stefan.  |0 http://id.loc.gov/authorities/names/n80099386 
245 1 0 |a Template polymerization /  |c Stefan Polowinski. 
264 1 |a Toronto :  |b ChemTec Pub.,  |c [1997] 
264 4 |c ©1997 
300 |a 1 online resource (2 unnumbered pages, 150 pages) :  |b illustrations 
336 |a text  |b txt  |2 rdacontent 
337 |a computer  |b c  |2 rdamedia 
338 |a online resource  |b cr  |2 rdacarrier 
520 |a Template polymerization is a field in polymer synthesis but also common practice in the biosynthesis since DNA is the most popular template or matrix on which proteins are built by living species. This field is relevant to the synthesis of polymers of controlled structure but its application goes beyond the synthesis. Materials are formulated in complex mixtures always containing components that can be regarded as templates on which other materials are formed, modified, or are interacted with. In the product development the relevance of these phenomena is controlled by the order of addition which affects probabilities and preferences of interaction. Introducing the first published monograph devoted to this emerging technology. 
504 |a Includes bibliographical references and index. 
588 0 |a Print version record. 
500 |a Electronic resource. 
650 0 |a Polymerization.  |0 http://id.loc.gov/authorities/subjects/sh89001625 
650 0 |a Biochemical templates.  |0 http://id.loc.gov/authorities/subjects/sh85014124 
650 7 |a Biochemical templates.  |2 fast  |0 (OCoLC)fst00831957 
650 7 |a Polymerization.  |2 fast  |0 (OCoLC)fst01070576 
655 7 |a Electronic books.  |2 local 
710 2 |a Knovel (Firm)  |0 http://id.loc.gov/authorities/names/nr2001027264 
776 1 8 |i Print version:  |a Polowinski, Stefan.  |t Template polymerization.  |d Toronto : ChemTec Pub., ©1997  |w (OCoLC)37985290 
856 4 0 |u http://proxy.library.tamu.edu/login?url=http://app.knovel.com/hotlink/toc/id:kpTP00000K/template-polymerization  |z Connect to the full text of this electronic book  |t 0 
999 f f |s 04ac9d02-69f5-33db-aa7a-366c7cea6a48  |i b401bad9-5ec8-3476-9038-f1216f1eac06  |t 0 
952 f f |a Texas A&M University  |b College Station  |c Electronic Resources  |d Available Online  |t 0  |e QD381 .P64 1996eb  |h Library of Congress classification 
998 f f |a QD381 .P64 1996eb  |t 0  |l Available Online